000 00458nam a2200181Ia 4500
008 100917s9999 xx 000 0 und d
082 _b3630
100 _aबांदेकर अनंत
245 _aचुकामूक
260 _b---
_c1947
300 _a92
365 _b1.5
520 _aकादंबरी
630 _aचुकामूक
650 _aकादंबरी
730 _aचुकामूक
942 _cBOOK
999 _c609024
_d609021